00450nam a2200157Ia 4500001001000000003000500010008004100015010001100056040000900067110002400076245010500100260003100205300000900236440003200245650001500277Para_6676CHAP220125s1999 xx 000 0 und d a205523 cCHAP aGeigy Productos DDT aFungicida captán 7.5% para espolvoreación (contenido 7.5% captán) /c por Geigy Productos DDT aMéxico :b Productos DDT a3 h. aServicio biológico, I-15) aFungicidas